000 00660cam a22002293a 4500
001 43638
003 PGUSA
005 20140828084007.0
008 130904s2013||||xxu|||||s|||||000 | eng d
040 _aPGUSA
_beng
042 _adc
100 1 _aCoburn, Claire M.
245 1 0 _aOur Little Swedish Cousin
_h[electronic resource] /
_cClaire M. Coburn
260 _bProject Gutenberg,
_c2013
506 _aPublic domain in the USA.
516 _aElectronic text
700 1 _aWoodberry, R.C.
700 1 _aBridgman, L. J.
_q(Lewis Jesse),
_d1857-1931
830 0 _aProject Gutenberg
_v43638
856 4 0 _uhttp://www.gutenberg.org/ebooks/43638
942 _cEB
999 _c272889
_d272889